书目信息 |
| 题名: |
白领丽人生活絮语
|
|
| 作者: | 邱珂 | |
| 分册: | ||
| 出版信息: | 沈阳 辽宁大学出版社 2020.05 |
|
| 页数: | 212页 | |
| 开本: | 20cm | |
| 丛书名: | ||
| 单 册: | ||
| 中图分类: | Z228.4 | |
| 科图分类: | ||
| 主题词: | 百科全书--中国 | |
| 电子资源: | ||
| ISBN: | 7-5610-4895-5 | |
| 000 | 00554nam0 2200193 450 | |
| 001 | 2431427017 | |
| 005 | 20241011084817.82 | |
| 010 | @a7-5610-4895-5@dCNY25.00 | |
| 100 | @a20241011d2020 km y0chiy0120 ea | |
| 101 | 0 | @achi |
| 102 | @aCN@b210000 | |
| 200 | 1 | @a白领丽人生活絮语@ABai Ling Li Ren Sheng Huo Xu Yu@f邱珂@FQiu Ke |
| 210 | @a沈阳@c辽宁大学出版社@d2020.05 | |
| 215 | @a212页@d20cm | |
| 606 | 0 | @a百科全书@x中国 |
| 690 | @aZ228.4@v4 | |
| 701 | 0 | @a邱珂@AQiu Ke |
| 801 | 0 | @aCN@b大连网信软件有限公司图书馆·11@c20241011 |
| 905 | @aZUCC@dZ228.4@e269 | |
| 白领丽人生活絮语/邱珂.-沈阳:辽宁大学出版社,2020.05 |
| 212页;20cm |
| ISBN 7-5610-4895-5:CNY25.00 |
| ● |
| 相关链接 |
|
|
|
|
正题名:白领丽人生活絮语
索取号:Z228.4/269
 
预约/预借
| 序号 | 登录号 | 条形码 | 馆藏地/架位号 | 状态 | 备注 |
| 1 | 1054445 | 210544455 | 第二样本阅览室/ [索取号:Z228.4/269] | 在馆 |